[Event "5th Budapest Open"]
[Site "Budapest"]
[Date "2015.08.21"]
[Round "7.28"]
[White "Gombocz, Ferenc Jr"]
[Black "Papp, Andrea"]
[Result "1-0"]
[WhiteElo "1637"]
[BlackElo "1601"]
[PlyCount "129"]
[EventDate "2014.08.15"]
[EventType "swiss"]
[EventRounds "9"]
[EventCountry "HUN"]

1. d4 d6 2. Nf3 c6 3. e3 Qc7 4. Bd3 e5 5. Nbd2 Nf6 6. b3 Bg4 7. Bb2 Bxf3 8.
Qxf3 Nbd7 9. Qg3 g6 10. dxe5 Nxe5 11. Be2 O-O-O 12. O-O-O Bg7 13. Nf3 Ne4 14.
Qh3+ Kb8 15. Rhf1 h5 16. Nxe5 Bxe5 17. Rd3 Rhe8 18. Bxe5 dxe5 19. Qh4 Nc5 20.
Rdd1 Qa5 21. Kb2 Qb6 22. Qc4 Ne6 23. Rd3 Qc7 24. Rfd1 Qe7 25. g3 f5 26. Qh4
Qxh4 27. gxh4 Kc7 28. Rg1 Nf8 29. f3 e4 30. Rxd8 Kxd8 31. f4 Re6 32. Rd1+ Kc7
33. h3 Nd7 34. Bc4 Re7 35. Rg1 Rg7 36. Be6 Re7 37. Bxd7 Rxd7 38. Rxg6 Rd6 39.
Rg5 Rd2 40. Rxh5 Re2 41. Rxf5 Rxe3 42. Re5 Rxh3 43. Rxe4 Rxh4 44. Re7+ Kb6 45.
Rf7 Rh2 46. f5 Rf2 47. f6 Rf3 48. b4 a5 49. bxa5+ Kxa5 50. Rf8 Kb5 51. f7 Kc5
52. Kc1 b5 53. a3 Kc4 54. Kd2 c5 55. Ke2 Rf6 56. Ke3 Kc3 57. Ke4 Kxc2 58. Ke5
Rf3 59. Ke6 Re3+ 60. Kd6 Rxa3 61. Kxc5 Rf3 62. Kxb5 Kb3 63. Kc5 Kc3 64. Kd5 Kd3
65. Ke6 1-0

[Event "5th Budapest Open"]
[Site "Budapest"]
[Date "2015.08.21"]
[Round "7.29"]
[White "Bodrogi, Laszlo"]
[Black "Ronyai, Imre"]
[Result "0-1"]
[WhiteElo "1985"]
[BlackElo "1549"]
[PlyCount "68"]
[EventDate "2014.08.15"]
[EventType "swiss"]
[EventRounds "9"]
[EventCountry "HUN"]

1. e4 e6 2. d4 d5 3. Nc3 c5 4. dxc5 Bxc5 5. e5 Ne7 6. Bd3 Ng6 7. Nf3 Nc6 8. Qe2
Bd7 9. O-O Be7 10. Bd2 a6 11. a4 Nb4 12. Rfc1 Nc6 13. Re1 Rc8 14. g3 O-O 15. h4
Nxh4 16. gxh4 Bxh4 17. Kg2 Be7 18. Rh1 g6 19. Bh6 Re8 20. Qe3 f6 21. Nxd5 exd5
22. e6 Bc5 23. Qxc5 Bxe6 24. Bf4 Ne5 25. Qa3 Bg4 26. Nxe5 fxe5 27. Bh6 e4 28.
Bxe4 dxe4 29. Qb3+ Be6 30. Qxb7 Rc7 31. Qxa6 Rxc2 32. Qb5 e3 33. Bxe3 Bd5+ 34.
Kg1 Rxe3 0-1

[Event "5th Budapest Open"]
[Site "Budapest"]
[Date "2015.08.21"]
[Round "7.30"]
[White "Karacsonyi, Luca"]
[Black "Bolyki, Istvan"]
[Result "0-1"]
[WhiteElo "1115"]
[BlackElo "1394"]
[PlyCount "96"]
[EventDate "2014.08.15"]
[EventType "swiss"]
[EventRounds "9"]
[EventCountry "HUN"]

1. e4 e5 2. Nf3 Nc6 3. Bb5 a6 4. Bxc6 dxc6 5. O-O Bd6 6. d4 Bg4 7. dxe5 Bxf3 8.
Qxf3 Bxe5 9. Nc3 Qf6 10. Qxf6 Nxf6 11. Bd2 O-O-O 12. Rad1 Bxc3 13. Bxc3 Nxe4
14. Bxg7 Rhg8 15. Bh6 Rg6 16. Rxd8+ Kxd8 17. Be3 Rd6 18. Bf4 Rd5 19. Re1 Nd6
20. f3 Nc4 21. b3 Nb6 22. c4 Rf5 23. Rd1+ Kc8 24. Bg3 Nd7 25. Re1 b5 26. cxb5
cxb5 27. Rc1 Rc5 28. Rxc5 Nxc5 29. Kf2 Nd3+ 30. Ke3 Nc1 31. a4 Nxb3 32. axb5
axb5 33. Kd3 Nc5+ 34. Kc3 c6 35. Kb4 Ne6 36. f4 Kd7 37. f5 Nd4 38. f6 Ke6 39.
Kc5 Nf5 40. Kxc6 Nxg3 41. hxg3 Kxf6 42. Kxb5 Kg5 43. Kc4 Kg4 44. Kd3 Kxg3 45.
Ke4 h5 46. Kf5 Kxg2 47. Kg5 f5 48. Kxh5 f4 0-1

[Event "5th Budapest Open"]
[Site "Budapest"]
[Date "2015.08.22"]
[Round "8.1"]
[White "Meszaros, Andras"]
[Black "Gumanny, Evgeny"]
[Result "1-0"]
[WhiteElo "2246"]
[BlackElo "2093"]
[PlyCount "89"]
[EventDate "2014.08.15"]
[EventType "swiss"]
[EventRounds "9"]
[EventCountry "HUN"]

1. e4 e6 2. b3 d5 3. Bb2 Nf6 4. e5 Ng8 5. Nf3 c5 6. c4 Ne7 7. Nc3 Nbc6 8. Bd3
Ng6 9. Ne2 Nb4 10. Bxg6 hxg6 11. d4 dxc4 12. bxc4 cxd4 13. Nexd4 Bd7 14. O-O a6
15. Qb3 Rb8 16. Rad1 Qc7 17. Ba3 Qa5 18. Ng5 Be7 19. Bxb4 Bxb4 20. Qf3 Rf8 21.
Qg3 Rc8 22. Ngxe6 fxe6 23. Qxg6+ Ke7 24. Qxg7+ Rf7 25. Nf5+ Ke8 26. Qg8+ Rf8
27. Ng7+ Ke7 28. Qh7 Rf7 29. Qh4+ Kf8 30. Rxd7 Rxd7 31. Qh8+ Kf7 32. Qxc8 Rc7
33. Qxe6+ Kxg7 34. Qf6+ Kg8 35. Rd1 Rf7 36. Qg6+ Rg7 37. Qe6+ Kf8 38. Qc8+ Kf7
39. Qf5+ Ke8 40. Qc8+ Kf7 41. Qxb7+ Kf8 42. Qc8+ Kf7 43. Qd7+ Kg6 44. Qe6+ Kh7
45. Rd3 1-0

[Event "5th Budapest Open"]
[Site "Budapest"]
[Date "2015.08.22"]
[Round "8.2"]
[White "Farago, Sandor"]
[Black "Polyik, Peter"]
[Result "1/2-1/2"]
[WhiteElo "2256"]
[BlackElo "2178"]
[PlyCount "161"]
[EventDate "2014.08.15"]
[EventType "swiss"]
[EventRounds "9"]
[EventCountry "HUN"]

1. e4 c5 2. Nf3 d6 3. d4 cxd4 4. Nxd4 Nf6 5. Nc3 Nc6 6. Bc4 e6 7. Bb3 a6 8. a3
Qc7 9. Be3 Na5 10. Ba2 Bd7 11. Qe2 Rc8 12. f4 e5 13. Nf3 Nc4 14. fxe5 Nxe5 15.
Nxe5 dxe5 16. O-O Bc5 17. Kh1 Be6 18. Bg5 Be7 19. Bxe6 fxe6 20. Bxf6 Bxf6 21.
Qg4 Qe7 22. Nd5 Qf7 23. Rf2 h5 24. Qh3 Rd8 25. Nxf6+ gxf6 26. Raf1 Rh6 27. Qe3
Rg6 28. h3 Kf8 29. Qc5+ Kg8 30. Qxe5 fxe5 31. Rxf7 Rd2 32. Rf8+ Kg7 33. R1f7+
Kh6 34. Rh8+ Kg5 35. g4 Kh4 36. Rf3 Rg5 37. Re3 Rxc2 38. b4 Rc1+ 39. Kg2 Rc2+
40. Kg1 Rc1+ 41. Kf2 Rc2+ 42. Ke1 Rh2 43. Kd1 b5 44. Kc1 Ra2 45. Kd1 Rh2 46.
Kc1 Ra2 47. Kb1 Rh2 48. Rh7 Rd2 49. Kc1 Ra2 50. Kd1 Rh2 51. Rh8 Ra2 52. Rc3 Rh2
53. Rh6 Ra2 54. Rf3 Rh2 55. Rxe6 hxg4 56. Rh6+ Rh5 57. Rxh5+ Kxh5 58. Rf5+ Kh4
59. hxg4 Kxg4 60. Rxe5 Ra2 61. Re6 Rxa3 62. Kd2 Rb3 63. Rxa6 Kf4 64. Re6 Rxb4
65. Kd3 Ra4 66. Rf6+ Ke5 67. Rf5+ Ke6 68. Rxb5 Ke7 69. Rb6 Ra5 70. Kd4 Rh5 71.
Ra6 Rg5 72. Rh6 Ra5 73. Ke3 Rb5 74. Kf4 Ra5 75. Rb6 Rc5 76. e5 Rc1 77. Rb7+ Ke6
78. Rb6+ Ke7 79. Ke4 Re1+ 80. Kd5 Rd1+ 81. Ke4 1/2-1/2

[Event "5th Budapest Open"]
[Site "Budapest"]
[Date "2015.08.22"]
[Round "8.3"]
[White "Juhasz, Bela"]
[Black "Kormos, Adam"]
[Result "1-0"]
[WhiteElo "2134"]
[BlackElo "2109"]
[PlyCount "95"]
[EventDate "2014.08.15"]
[EventType "swiss"]
[EventRounds "9"]
[EventCountry "HUN"]

1. d4 Nf6 2. Nf3 g6 3. c4 Bg7 4. Nc3 d5 5. cxd5 Nxd5 6. e4 Nxc3 7. bxc3 c5 8.
Be3 O-O 9. Qd2 Qa5 10. Rc1 Nc6 11. d5 Rd8 12. Be2 b6 13. O-O Ba6 14. Rfd1 Qa4
15. Bxa6 Qxa6 16. Qc2 Na5 17. c4 Rac8 18. h4 b5 19. cxb5 Qxb5 20. h5 Qd7 21.
hxg6 hxg6 22. e5 Qg4 23. Bg5 Bxe5 24. Bxe7 Bd6 25. Bxd8 Rxd8 26. Re1 Qh5 27.
Rcd1 Qh8 28. Re4 c4 29. Qa4 Qc3 30. Re8+ Rxe8 31. Qxe8+ Kg7 32. Ng5 Qc2 33. Re1
Qf5 34. Ne4 Qxd5 35. Nxd6 Qxd6 36. Qe5+ Qxe5 37. Rxe5 Nb7 38. Re7 Nd6 39. Rxa7
Kf6 40. Kf1 Ke5 41. Ke2 f5 42. a4 g5 43. Re7+ Kd5 44. Rd7 c3 45. Kd3 Kc5 46.
Rxd6 c2 47. Kxc2 Kxd6 48. Kd2 1-0

[Event "5th Budapest Open"]
[Site "Budapest"]
[Date "2015.08.22"]
[Round "8.4"]
[White "Boguszlavszkij, Jevgenyij"]
[Black "Markos, Adam"]
[Result "1/2-1/2"]
[WhiteElo "2199"]
[BlackElo "2146"]
[PlyCount "117"]
[EventDate "2014.08.15"]
[EventType "swiss"]
[EventRounds "9"]
[EventCountry "HUN"]

1. Nf3 d5 2. g3 Nf6 3. Bg2 Bg4 4. Ne5 Bf5 5. c4 c6 6. cxd5 cxd5 7. Nc3 e6 8. d4
Nbd7 9. O-O Be7 10. Qb3 Qb6 11. Nxd7 Nxd7 12. Qxb6 Nxb6 13. f3 O-O 14. e4 Bg6
15. a4 a5 16. b3 Rac8 17. Bb2 Rfd8 18. Rac1 dxe4 19. fxe4 Bg5 20. Rcd1 Be3+ 21.
Kh1 Bxd4 22. Rxd4 Rxd4 23. Nd5 Rxd5 24. exd5 Nxd5 25. Bd4 Rc2 26. Rd1 h6 27.
Kg1 Rc6 28. Re1 Kf8 29. Bb2 Rb6 30. Rc1 Kg8 31. Bxd5 exd5 32. Rc3 Bb1 33. Rc8+
Kh7 34. Bc3 Rxb3 35. Bxa5 Bf5 36. Rd8 Be6 37. Bc7 Rc3 38. Bb6 Rc6 39. a5 Kg6
40. Re8 Rd6 41. Bd4 Rd7 42. Kf2 Bf5 43. Ke3 f6 44. Kf4 Kf7 45. Re3 Be4 46. Rb3
Bg2 47. Rb2 Re7 48. Rxg2 Re4+ 49. Kf3 Rxd4 50. Rb2 Ke6 51. Rxb7 g6 52. a6 Ra4
53. Ra7 h5 54. Ra8 Kf5 55. a7 d4 56. h3 Ra3+ 57. Kf2 g5 58. Rd8 Rxa7 59. Rxd4
1/2-1/2

[Event "5th Budapest Open"]
[Site "Budapest"]
[Date "2015.08.22"]
[Round "8.5"]
[White "Brustkern, Juergen"]
[Black "Mester, Attila"]
[Result "1/2-1/2"]
[WhiteElo "2236"]
[BlackElo "2025"]
[PlyCount "117"]
[EventDate "2014.08.15"]
[EventType "swiss"]
[EventRounds "9"]
[EventCountry "HUN"]

1. e4 c5 2. c3 e6 3. d4 d5 4. e5 Nc6 5. Nf3 Nh6 6. Na3 cxd4 7. cxd4 Bb4+ 8. Bd2
Bxa3 9. bxa3 Nf5 10. Bd3 h6 11. O-O g5 12. Bc3 Bd7 13. Rb1 Rb8 14. Rb2 g4 15.
Ne1 Rg8 16. Nc2 Qh4 17. Re1 Nfxd4 18. Nxd4 Nxd4 19. Bxd4 g3 20. hxg3 Qxd4 21.
Rb4 Qc3 22. Rf4 Qxa3 23. Qh5 Rf8 24. Re3 Qe7 25. Rf6 Rc8 26. Ref3 Rc3 27. Rxf7
Rxf7 28. Rxf7 Qg5 29. Bg6 Qxh5 30. Bxh5 Kd8 31. Rh7 Rc1+ 32. Kh2 d4 33. Rxh6 d3
34. Rh8+ Kc7 35. g4 Bc6 36. Rh7+ Kb6 37. g5 d2 38. g6 Be4 39. Re7 Bxg6 40. Bf3
Be4 41. Rxe6+ Rc6 42. Rxc6+ bxc6 43. Bd1 c5 44. f3 Bb1 45. Kg1 Bxa2 46. Kf2 Kc6
47. Ke3 Kd5 48. f4 a5 49. Kxd2 Ke4 50. g3 Kd4 51. Be2 Bd5 52. Bb5 Be6 53. Kc2
Ke3 54. Kc3 Kf3 55. Bc4 Kxg3 56. Bxe6 Kxf4 57. Kc4 Kxe5 58. Kxc5 Kxe6 59. Kb5
1/2-1/2

[Event "5th Budapest Open"]
[Site "Budapest"]
[Date "2015.08.22"]
[Round "8.6"]
[White "Csapo, Zoltan"]
[Black "Bulthaupt, Freerk dr"]
[Result "1/2-1/2"]
[WhiteElo "1993"]
[BlackElo "2176"]
[PlyCount "65"]
[EventDate "2014.08.15"]
[EventType "swiss"]
[EventRounds "9"]
[EventCountry "HUN"]

1. e4 g6 2. d4 Bg7 3. Nc3 d6 4. Bg5 a6 5. a4 Nc6 6. Nge2 h6 7. Be3 Nf6 8. f3 e5
9. d5 Ne7 10. Qd2 Bd7 11. g4 h5 12. g5 Nfg8 13. h4 Nc8 14. Ra3 Nge7 15. Rb3 b6
16. Ng3 O-O 17. Be2 c6 18. dxc6 Bxc6 19. Bc4 Qc7 20. Qe2 Rd8 21. O-O d5 22.
exd5 Bxd5 23. Nxd5 Nxd5 24. Ne4 Nxe3 25. Rxe3 Ne7 26. Bxa6 Nd5 27. Rd3 Nf4 28.
Rxd8+ Rxd8 29. Qh2 Bf8 30. c3 Bc5+ 31. Kh1 Kg7 32. Re1 Be7 33. Bf1 1/2-1/2

[Event "5th Budapest Open"]
[Site "Budapest"]
[Date "2015.08.22"]
[Round "8.7"]
[White "Bakk, Zoltan"]
[Black "Erdos, Boglarka"]
[Result "0-1"]
[WhiteElo "2051"]
[BlackElo "2075"]
[PlyCount "58"]
[EventDate "2014.08.15"]
[EventType "swiss"]
[EventRounds "9"]
[EventCountry "HUN"]

1. d4 d5 2. Nf3 Nf6 3. c4 c6 4. e3 e6 5. Nbd2 c5 6. dxc5 Bxc5 7. a3 O-O 8. b4
Bd6 9. Bb2 Nbd7 10. Qc2 Re8 11. Bd3 Qe7 12. cxd5 exd5 13. O-O a5 14. bxa5 Nc5
15. Bb5 Rd8 16. Nd4 Nce4 17. Nxe4 dxe4 18. Be2 Rxa5 19. Nb5 Bb8 20. Qc3 Ra8 21.
Rfd1 Re8 22. Rd5 Bd7 23. Rg5 h6 24. Rc5 b6 25. Nc7 bxc5 26. Nxa8 Qd6 27. g3 Qc6
28. Rd1 Qxa8 29. Rxd7 Be5 0-1

[Event "5th Budapest Open"]
[Site "Budapest"]
[Date "2015.08.22"]
[Round "8.8"]
[White "Kovacs, Istvan"]
[Black "Bensaid, Simon"]
[Result "1-0"]
[WhiteElo "2147"]
[BlackElo "1924"]
[PlyCount "101"]
[EventDate "2014.08.15"]
[EventType "swiss"]
[EventRounds "9"]
[EventCountry "HUN"]

1. Nf3 d5 2. g3 Nf6 3. Bg2 Bg4 4. O-O Nbd7 5. c4 c6 6. b3 e6 7. Bb2 Bd6 8. Na3
a5 9. Nc2 O-O 10. d3 Bh5 11. Rc1 Qe7 12. Ncd4 Ba3 13. Qc2 Rfb8 14. Rfe1 a4 15.
Rb1 axb3 16. axb3 Bxb2 17. Rxb2 Qb4 18. Rc1 Ra6 19. h3 Rba8 20. Kh2 Ra1 21.
Rxa1 Rxa1 22. Ra2 Rxa2 23. Qxa2 h6 24. Nc2 Qb6 25. Kg1 dxc4 26. bxc4 e5 27. Ne3
e4 28. Nh4 exd3 29. exd3 Ne5 30. Nhf5 Qa6 31. Qxa6 bxa6 32. g4 Bg6 33. d4 Nd3
34. Ne7+ Kf8 35. Nxg6+ fxg6 36. Bxc6 Nf4 37. Kh2 Ke7 38. c5 Ke6 39. Bb7 a5 40.
Nc4 Ne2 41. Nxa5 Nxd4 42. Nc4 Ne8 43. Be4 Nb3 44. Bxg6 Nf6 45. c6 Nd4 46. Bf5+
Nxf5 47. gxf5+ Ke7 48. Kg3 Ne8 49. Kf4 Nf6 50. Ke5 Ne8 51. Ne3 1-0

[Event "5th Budapest Open"]
[Site "Budapest"]
[Date "2015.08.22"]
[Round "8.9"]
[White "Kokeny, Norbert Adrian"]
[Black "Blazquez Criado, Sergio"]
[Result "1-0"]
[WhiteElo "2123"]
[BlackElo "1883"]
[PlyCount "45"]
[EventDate "2014.08.15"]
[EventType "swiss"]
[EventRounds "9"]
[EventCountry "HUN"]

1. d4 Nf6 2. Bg5 d5 3. e3 e6 4. Bd3 Be7 5. c3 b6 6. Nd2 c5 7. Ngf3 Bb7 8. Qc2
Nbd7 9. O-O h6 10. Bh4 O-O 11. Bg3 Rc8 12. Ne5 Nh5 13. Ndf3 Nxg3 14. fxg3 Bd6
15. Ng4 f5 16. Nh4 c4 17. Bxf5 exf5 18. Nxf5 Rf6 19. Nfxh6+ Kf8 20. Nxf6 Nxf6
21. Qg6 Rc7 22. Rxf6+ gxf6 23. Qg8+ 1-0

[Event "5th Budapest Open"]
[Site "Budapest"]
[Date "2015.08.22"]
[Round "8.10"]
[White "Koczo, Kristof"]
[Black "Trajber, Csaba dr"]
[Result "1-0"]
[WhiteElo "2193"]
[BlackElo "2056"]
[PlyCount "47"]
[EventDate "2014.08.15"]
[EventType "swiss"]
[EventRounds "9"]
[EventCountry "HUN"]

1. d4 d5 2. c4 c6 3. Nf3 Nf6 4. Nc3 a6 5. c5 Nbd7 6. Bf4 Nh5 7. Bd2 Qc7 8. e4
dxe4 9. Nxe4 Ndf6 10. Neg5 Bg4 11. h3 Bxf3 12. Qxf3 e6 13. g4 h6 14. Nxe6 fxe6
15. gxh5 O-O-O 16. Bc3 e5 17. O-O-O exd4 18. Bxd4 Rd5 19. Bc4 Rxh5 20. Bxf6
Rxc5 21. Rd8+ Qxd8 22. Bxd8 Rxc4+ 23. Kb1 Bc5 24. Qf7 1-0

[Event "5th Budapest Open"]
[Site "Budapest"]
[Date "2015.08.22"]
[Round "8.11"]
[White "Arellano Pardo, Martin"]
[Black "Vargyas, Zoltan"]
[Result "0-1"]
[WhiteElo "1912"]
[BlackElo "2089"]
[PlyCount "38"]
[EventDate "2014.08.15"]
[EventType "swiss"]
[EventRounds "9"]
[EventCountry "HUN"]

1. e4 c5 2. d4 cxd4 3. c3 Nf6 4. e5 Nd5 5. Qxd4 e6 6. Nf3 Nc6 7. Qe4 b6 8. Bb5
Bb7 9. c4 Nde7 10. Bg5 Qc7 11. Bxe7 Bxe7 12. Nc3 O-O 13. O-O Na5 14. Qe2 a6 15.
Ba4 Qxc4 16. Bxd7 Rfd8 17. Rad1 Qxe2 18. Nxe2 b5 19. Nf4 Nc4 0-1

[Event "5th Budapest Open"]
[Site "Budapest"]
[Date "2015.08.22"]
[Round "8.12"]
[White "Palla, Akos Botond"]
[Black "Karacsonyi, Gellert"]
[Result "0-1"]
[WhiteElo "2064"]
[BlackElo "2013"]
[PlyCount "80"]
[EventDate "2014.08.15"]
[EventType "swiss"]
[EventRounds "9"]
[EventCountry "HUN"]

1. e4 c5 2. Nf3 e6 3. d4 cxd4 4. Nxd4 Nf6 5. Nc3 Qb6 6. e5 Bc5 7. Be3 Nd5 8.
Nxd5 exd5 9. Be2 Nc6 10. Nf5 Qxb2 11. O-O Bxe3 12. Nd6+ Ke7 13. Nf5+ Kd8 14.
Nxe3 Qxe5 15. Bf3 d4 16. Nc4 Qc5 17. Nd2 Ne5 18. Be4 d3 19. cxd3 d5 20. Rc1 Qd6
21. d4 Ng4 22. Rxc8+ Rxc8 23. Qxg4 dxe4 24. Qxg7 Re8 25. Qxf7 Qe6 26. Qxh7 e3
27. Qh4+ Re7 28. fxe3 Qxe3+ 29. Qf2 Rc2 30. Qxe3 Rxe3 31. Rf2 Rxa2 32. g4 Rd3
33. Nf3 Rxf2 34. Kxf2 a5 35. g5 Ke7 36. h4 a4 37. g6 Kf6 38. Ne5 Rxd4 39. h5
Kxe5 40. h6 Kf6 0-1

[Event "5th Budapest Open"]
[Site "Budapest"]
[Date "2015.08.22"]
[Round "8.13"]
[White "Balogh, Lajos"]
[Black "Ongut, Tamas Gunes"]
[Result "1-0"]
[WhiteElo "2018"]
[BlackElo "1883"]
[PlyCount "77"]
[EventDate "2014.08.15"]
[EventType "swiss"]
[EventRounds "9"]
[EventCountry "HUN"]

1. Nf3 Nf6 2. c4 g6 3. Nc3 Bg7 4. d4 d6 5. g3 O-O 6. Bg2 c5 7. O-O Na6 8. Re1
Nc7 9. Be3 Ng4 10. Bg5 h6 11. Bc1 cxd4 12. Nxd4 Ne6 13. e3 Ne5 14. b3 Nc6 15.
Nde2 Ng5 16. Bb2 Bg4 17. Rf1 Nf3+ 18. Kh1 Nce5 19. h3 Bd7 20. Nf4 Ng5 21. h4
Bg4 22. f3 Ngxf3 23. Rxf3 Nxf3 24. Bxf3 Bxf3+ 25. Qxf3 Qa5 26. e4 Rac8 27. Nfd5
Qd8 28. Rf1 Qd7 29. Kg2 f5 30. Re1 e6 31. Nf4 Qf7 32. exf5 exf5 33. Ba3 Rfe8
34. Rd1 g5 35. hxg5 hxg5 36. Nfd5 f4 37. Bxd6 Rcd8 38. Bc5 fxg3 39. Ne7+ 1-0

[Event "5th Budapest Open"]
[Site "Budapest"]
[Date "2015.08.22"]
[Round "8.14"]
[White "Kozma, Gabor"]
[Black "Lakatos, Tamas"]
[Result "1-0"]
[WhiteElo "2008"]
[BlackElo "1533"]
[PlyCount "131"]
[EventDate "2014.08.15"]
[EventType "swiss"]
[EventRounds "9"]
[EventCountry "HUN"]

1. e4 c6 2. d4 d5 3. exd5 cxd5 4. c4 Nf6 5. Nc3 Nc6 6. Nf3 Bg4 7. cxd5 Nxd5 8.
Bc4 Nb6 9. Bxf7+ Kxf7 10. Ng5+ Ke8 11. Qxg4 Qxd4 12. Qe2 Qc4 13. Be3 Qxe2+ 14.
Kxe2 Nc4 15. Nb5 Kd7 16. Rhd1+ Nd6 17. Nf7 Rg8 18. Bc5 a6 19. Nbxd6 exd6 20.
Nxd6 Bxd6 21. Bxd6 Rae8+ 22. Kf3 Re6 23. Bc5+ Kc7 24. Rac1 Rf6+ 25. Ke2 Re8+
26. Kf1 Re4 27. Rd3 Rf7 28. Rcd1 Rc4 29. Bd6+ Kc8 30. Bg3 Rc2 31. Re3 Rf8 32.
Re2 Rc4 33. Red2 Rf7 34. Re1 Rf8 35. h3 g6 36. Bh2 Ra4 37. b3 Ra5 38. Re4 Raf5
39. f3 R5f6 40. b4 Rf5 41. a4 Rd8 42. Ke2 Rfd5 43. Rxd5 Rxd5 44. Re8+ Kd7 45.
Rg8 Nxb4 46. Rg7+ Kc6 47. Rc7+ Kb6 48. Rxh7 Ka5 49. Rxb7 Kxa4 50. Rb6 a5 51.
Rxg6 Kb3 52. Rb6 Kc4 53. g4 a4 54. Bd6 Nc2 55. Rc6+ Kb3 56. Ra6 a3 57. Bxa3
Nxa3 58. Ke3 Nc4+ 59. Ke4 Rd1 60. h4 Kc3 61. h5 Re1+ 62. Kf5 Kd4 63. g5 Kd5 64.
h6 Nd6+ 65. Rxd6+ Kxd6 66. h7 1-0

[Event "5th Budapest Open"]
[Site "Budapest"]
[Date "2015.08.22"]
[Round "8.15"]
[White "Lesar, David"]
[Black "Heyl, Thomas"]
[Result "0-1"]
[WhiteElo "1882"]
[BlackElo "1986"]
[PlyCount "60"]
[EventDate "2014.08.15"]
[EventType "swiss"]
[EventRounds "9"]
[EventCountry "HUN"]

1. e4 c5 2. Nf3 e6 3. d4 cxd4 4. Nxd4 a6 5. Nc3 Qc7 6. Be3 Nf6 7. Bd3 Nc6 8.
Nxc6 bxc6 9. O-O e5 10. Bg5 Be7 11. Kh1 d6 12. h3 h6 13. Bh4 g5 14. Bg3 g4 15.
h4 Nh5 16. Be2 Rg8 17. Qd2 Rg6 18. Qe3 Qd8 19. Rad1 Bd7 20. Na4 Bxh4 21. Nb6
Bg5 22. Bh4 Bxe3 23. Bxd8 Rxd8 24. Nxd7 Ba7 25. Nxe5 dxe5 26. Rxd8+ Kxd8 27.
Bxa6 g3 28. f3 Nf4 29. Rd1+ Kc7 30. Bc4 Ne6 0-1

[Event "5th Budapest Open"]
[Site "Budapest"]
[Date "2015.08.22"]
[Round "8.16"]
[White "Horvath, Aron Balazs"]
[Black "Zoldy, Robert"]
[Result "0-1"]
[WhiteElo "1788"]
[BlackElo "1978"]
[PlyCount "104"]
[EventDate "2014.08.15"]
[EventType "swiss"]
[EventRounds "9"]
[EventCountry "HUN"]

1. e4 e5 2. Nf3 Nf6 3. Nxe5 d6 4. Nf3 Nxe4 5. Nc3 Nf6 6. d4 d5 7. Bd3 Be7 8. h3
O-O 9. O-O c6 10. Bf4 Bd6 11. Qd2 Qc7 12. Bxd6 Qxd6 13. Rae1 h6 14. Ne5 b6 15.
Ne2 c5 16. c3 Nc6 17. Ng3 cxd4 18. Nxc6 Qxc6 19. cxd4 Bd7 20. Bb1 Qd6 21. Re5
Rac8 22. Rfe1 Rc4 23. Qd3 Qb4 24. Nh5 Ne4 25. R1xe4 dxe4 26. Qxe4 Rc1+ 27. Kh2
Rxb1 28. Qxb1 Qxd4 29. f4 Rc8 30. Qe1 Rc6 31. Re8+ Kh7 32. Re7 Re6 33. Qh4 Rxe7
34. Qxe7 Be6 35. Qxa7 Qxb2 36. f5 Bxa2 37. f6 g5 38. Qa8 Qe5+ 39. Kh1 Qa1+ 40.
Kh2 Qe5+ 41. Kg1 Bd5 42. Qa3 Qe2 43. Qg3 Qxh5 44. Qd3+ Qg6 45. Qxd5 Qxf6 46. g4
Qa1+ 47. Kg2 Qb2+ 48. Kf3 Kg7 49. h4 Qf6+ 50. Kg3 Qf4+ 51. Kh3 gxh4 52. Qd4+
Qxd4 0-1

[Event "5th Budapest Open"]
[Site "Budapest"]
[Date "2015.08.22"]
[Round "8.17"]
[White "Yip, Michael"]
[Black "Schatzer, Andras"]
[Result "1/2-1/2"]
[WhiteElo "1927"]
[BlackElo "1809"]
[PlyCount "122"]
[EventDate "2014.08.15"]
[EventType "swiss"]
[EventRounds "9"]
[EventCountry "HUN"]

1. c4 Nf6 2. d4 c5 3. d5 b5 4. cxb5 a6 5. bxa6 Bxa6 6. Nc3 d6 7. Nf3 Nbd7 8. e4
Bxf1 9. Kxf1 g6 10. g3 Bg7 11. Kg2 O-O 12. a4 Qa5 13. Ra3 Rfb8 14. Qc2 Ng4 15.
Nb5 Rb7 16. Bd2 Qa6 17. Bc3 Nge5 18. Nxe5 Nxe5 19. Rb1 Nc4 20. Raa1 Nb6 21.
Bxg7 Kxg7 22. b3 Nc8 23. Re1 Na7 24. Na3 Rab8 25. Rab1 Nc8 26. Nc4 Nb6 27. Qc3+
Kg8 28. Ne3 Nxa4 29. Qc2 Nb6 30. h4 Nd7 31. h5 Ne5 32. hxg6 fxg6 33. f4 Nd3 34.
Red1 Nb4 35. Qd2 Ra7 36. Nc4 Qc8 37. Rb2 Qf8 38. e5 Rab7 39. Qe3 Re8 40. Re2
Rbb8 41. e6 Qf5 42. Qf3 Ra8 43. g4 Qf6 44. g5 Qg7 45. Kg3 Ra1 46. Rdd2 Rea8 47.
Ne3 Qc3 48. Ng2 Qxf3+ 49. Kxf3 R8a2 50. Ne3 Rxd2 51. Rxd2 Rb1 52. Ke4 Rxb3 53.
f5 Na6 54. f6 Rb4+ 55. Kf3 exf6 56. gxf6 Nc7 57. Ra2 Rb7 58. Nc4 Rb3+ 59. Ke2
Rb8 60. Nxd6 Nxd5 61. f7+ Kf8 1/2-1/2

[Event "5th Budapest Open"]
[Site "Budapest"]
[Date "2015.08.22"]
[Round "8.18"]
[White "Zsatkovics, Endre"]
[Black "Cruz Guerra, Samuel"]
[Result "0-1"]
[WhiteElo "1748"]
[BlackElo "1904"]
[PlyCount "80"]
[EventDate "2014.08.15"]
[EventType "swiss"]
[EventRounds "9"]
[EventCountry "HUN"]

1. e4 c5 2. Nf3 d6 3. d4 cxd4 4. Nxd4 Nf6 5. Nc3 a6 6. Bg5 e6 7. f4 Be7 8. Qf3
Nc6 9. O-O-O Qc7 10. g4 Nxd4 11. Rxd4 b5 12. Bxf6 Bxf6 13. Bxb5+ Kf8 14. Rc4
Qa7 15. Ba4 g6 16. g5 Be7 17. h4 Bd7 18. Bxd7 Qxd7 19. Qd3 h5 20. Rf1 Kg7 21.
f5 Bd8 22. Rd4 Bc7 23. Qh3 Bb6 24. Rd3 Rhf8 25. f6+ Kh7 26. e5 Qb7 27. Na4 Ba7
28. Qf3 Qb5 29. Qf4 d5 30. Rb3 Qe2 31. Qf3 Qxe5 32. Nb6 Bxb6 33. Rxb6 Rab8 34.
Rxb8 Rxb8 35. c3 d4 36. Qf4 Qb5 37. b3 dxc3 38. Qc4 Qe5 39. Kc2 Rd8 40. Rd1
Qh2+ 0-1

[Event "5th Budapest Open"]
[Site "Budapest"]
[Date "2015.08.22"]
[Round "8.19"]
[White "Sergyan, Gyula Uoltan"]
[Black "Rabovszky, Gyorgy"]
[Result "0-1"]
[WhiteElo "1585"]
[BlackElo "1886"]
[PlyCount "58"]
[EventDate "2014.08.15"]
[EventType "swiss"]
[EventRounds "9"]
[EventCountry "HUN"]

1. e4 d6 2. d4 f5 3. Bc4 Nf6 4. exf5 Bxf5 5. Nf3 d5 6. Bb3 e6 7. Bg5 Be7 8.
Nbd2 Nbd7 9. Nh4 Bg4 10. f3 Bh5 11. Qe2 a5 12. c3 Ra6 13. g3 h6 14. Bxf6 Bxf6
15. Ng2 O-O 16. Nf4 Bf7 17. Nd3 e5 18. dxe5 Nxe5 19. O-O Nc4 20. Rad1 Re8 21.
Qf2 Ne3 22. Rde1 d4 23. Ne4 Bxb3 24. axb3 Nxf1 25. Nxf6+ Rxf6 26. Rxe8+ Qxe8
27. Kxf1 dxc3 28. bxc3 Qc6 29. c4 Rxf3 0-1

[Event "5th Budapest Open"]
[Site "Budapest"]
[Date "2015.08.22"]
[Round "8.20"]
[White "Persanyi, Barnabas"]
[Black "Czimer, Jozsef"]
[Result "1-0"]
[WhiteElo "2064"]
[BlackElo "1706"]
[PlyCount "107"]
[EventDate "2014.08.15"]
[EventType "swiss"]
[EventRounds "9"]
[EventCountry "HUN"]

1. e4 d6 2. d4 g6 3. Nc3 Bg7 4. Bg5 Nf6 5. e5 dxe5 6. dxe5 Qxd1+ 7. Rxd1 Ng4 8.
h3 Nxf2 9. Kxf2 Bxe5 10. Nf3 Bxc3 11. bxc3 f6 12. Be3 Be6 13. Nd4 Bd7 14. Bc4
e5 15. Ne6 Bxe6 16. Bxe6 b6 17. Rd2 Ke7 18. Bc4 Nd7 19. Rhd1 Rad8 20. Bb5 Nb8
21. Rxd8 Rxd8 22. Rxd8 Kxd8 23. c4 c6 24. Ba4 Kc7 25. c3 Nd7 26. Bc2 Kd6 27.
Kf3 f5 28. Ke2 c5 29. Bc1 Ke6 30. Ba4 Nf6 31. Bc6 Kd6 32. Bg5 Ke6 33. Bxf6 Kxf6
34. g3 g5 35. g4 h5 36. gxh5 g4 37. hxg4 fxg4 38. Bd7 g3 39. Kf3 Kg5 40. Kxg3
Kxh5 41. Kf3 Kg6 42. Ke4 Kf6 43. a4 Ke7 44. Bf5 Kd6 45. Bg4 Kc7 46. Kxe5 Kb7
47. Kd6 Ka6 48. Kc7 Ka5 49. Kb7 a6 50. Bd7 b5 51. axb5 axb5 52. cxb5 c4 53. Ka7
Ka4 54. b6+ 1-0

[Event "5th Budapest Open"]
[Site "Budapest"]
[Date "2015.08.22"]
[Round "8.21"]
[White "Geher, Laszlo"]
[Black "Horvath, Csaba3"]
[Result "1/2-1/2"]
[WhiteElo "1851"]
[BlackElo "1823"]
[PlyCount "25"]
[EventDate "2014.08.15"]
[EventType "swiss"]
[EventRounds "9"]
[EventCountry "HUN"]

1. e4 c5 2. Nf3 Nc6 3. d4 cxd4 4. Nxd4 e6 5. Nc3 Bb4 6. Nxc6 dxc6 7. Bd3 e5 8.
O-O Nf6 9. Bg5 Be6 10. Kh1 Be7 11. f4 exf4 12. Bxf4 Ng4 13. e5 1/2-1/2